000 00442nam a22001577a 4500
005 20251108163344.0
008 250721s1984 xx 000 0 ara d
082 1 4 _a214.2/عبد
100 1 _aعاشور، عبد اللطيف
245 1 0 _aنعيم الجنة في القرآن و السنة /
264 1 _aالقاهرة :
_bمكتبة القران،
_c1984.
300 _a96ص
650 1 7 _aالجنة
942 _2ddc
_cBK
999 _c576
_d576